000 00570nam a2200217Ia 4500
003 GCL
008 140319s9999 xx 000 0 eng d
040 _aGCL /
_cGCL
082 0 4 _a759
_bG L
100 1 _aFIODOROV - DAVYDOV, ALEXEI
245 1 0 _aLEVITAN /
_cFIODOROV - DAVYDOV, ALEXEI
700 1 _aYUROVA, TAMARA
700 1 _aBORODIN, ALEXANDER
260 _aروسيا :
_bAURORA ART PUBLISHERS
300 _a187 P
_bILL. ؛
_c28 cm.
650 0 4 _aARTS
650 0 4 _aPAINTING
650 0 4 _aPAINTERS
650 0 4 _aLEVITAN, ISAAC 1860 - 1900
942 _2ddc
_cBK
999 _c7867
_d7867